French tapestries : (Record no. 77117)
[ view plain ]
| 000 -LEADER | |
|---|---|
| fixed length control field | 01715nam a2200361 i 4500 |
| 001 - CONTROL NUMBER | |
| control field | 77117 |
| 003 - CONTROL NUMBER IDENTIFIER | |
| rucl marc code | BD-RjUL |
| 005 - DATE AND TIME OF LATEST TRANSACTION | |
| control field | 20211209082928.0 |
| 008 - FIXED-LENGTH DATA ELEMENTS--GENERAL INFORMATION | |
| fixed length control field | 200226s1951 enkaf 000 0 eng d |
| 035 ## - SYSTEM CONTROL NUMBER | |
| System control number | (BD-RjUL)77341 |
| 040 ## - CATALOGING SOURCE | |
| Language of cataloging | eng |
| Description conventions | rda |
| Modifying agency | UkOxU |
| Original cataloging agency | BD-RjUL |
| Transcribing agency | BD-RjUL |
| 041 ## - LANGUAGE CODE | |
| Language code of text/sound track or separate title | eng |
| 082 ## - DEWEY DECIMAL CLASSIFICATION NUMBER | |
| Edition number | 23 |
| Classification number | 746.3 |
| Author mark and year | DIF 1951 |
| 245 00 - TITLE STATEMENT | |
| Title | French tapestries : |
| Remainder of title | from the fourteenth to the eighteenth centuries / |
| Statement of responsibility, etc. | with an introduction and notes on the plates by George Wingfield Digby. |
| 264 #1 - PRODUCTION, PUBLICATION, DISTRIBUTION, MANUFACTURE, AND COPYRIGHT NOTICE | |
| Place of production, publication, distribution, manufacture | London : |
| Name of producer, publisher, distributor, manufacturer | B. T. Batsford Ltd, |
| Date of production, publication, distribution, manufacture, or copyright notice | 1951. |
| 300 ## - PHYSICAL DESCRIPTION | |
| Pagination | 12 pages, 16 leaves of plates (colour) : |
| Illustrations | colour frontispiece, illustrations ; |
| Size | 24 cm |
| 336 ## - CONTENT TYPE | |
| Content type term | text |
| Source | rdacontent |
| 337 ## - MEDIA TYPE | |
| Media type term | unmediated |
| Source | rdamedia |
| 338 ## - CARRIER TYPE | |
| Carrier type term | volume |
| Source | rdacarrier |
| 490 1# - SERIES STATEMENT | |
| Series statement | Batsford colour books ; |
| Volume/sequential designation | 6 |
| 500 ## - GENERAL NOTE | |
| General note | Includes a series title page: French tapestries / Batsford colour books. |
| General note | "It is our intention, in this new series, to make available to the public at a moderate price a varied selection of the comparatively little known wealth of beautiful colour illustration in the drawings, aquatints, lithographs and other prints of the 18th and 19th centuries" -- Inside of back dust jacket cover. |
| General note | Sacheverell Sitwell is general editor of the first series of Batsford colour books. |
| 650 #0 - SUBJECT ADDED ENTRY--TOPICAL TERM | |
| Topical term or geographic name as entry element | Tapestry |
| Geographic subdivision | France. |
| 9 (RLIN) | 239806 |
| 700 1# - ADDED ENTRY--PERSONAL NAME | |
| Personal name | Digby, George Wingfield, |
| Dates associated with a name | 1911-1989, |
| Personal name | Sitwell, Sacheverell, |
| Dates associated with a name | 1897-1988, |
| 830 #0 - SERIES ADDED ENTRY--UNIFORM TITLE | |
| Uniform title | Batsford colour books ; |
| Volume number/sequential designation | 6. |
| 942 ## - ADDED ENTRY ELEMENTS (KOHA) | |
| Source of classification or shelving scheme | Dewey Decimal Classification |
| Koha item type | Books |
| Lost status | Source of classification or shelving scheme | Damaged status | Not for loan | Collection code | Permanent Location | Current Location | Shelving location | Date acquired | Total Checkouts | Full call number | Date last seen | Copy number | Koha item type |
|---|---|---|---|---|---|---|---|---|---|---|---|---|---|
| Dewey Decimal Classification | Not For Loan | Non-fiction | Central Library, University of Rajshahi | Central Library, University of Rajshahi | Reading Room | 25/02/2020 | 746.3 DIF 1951 | 25/02/2020 | C-1 | Books |